|
|
|
|
| LEADER |
00000ny a22000003n 4500 |
| 005 |
20110524122740.0 |
| 008 |
090129s2005 ck s 000 0 spa d |
| 020 |
|
|
|a 9586484041
|
| 035 |
|
|
|a 2490
|
| 040 |
|
|
|a UMA.RE
|d vLex
|
| 080 |
|
|
|a 340.113(0.034)
|
| 080 |
|
|
|a 343.13(0.034)
|
| 080 |
|
|
|a 347.91/.95(0.034)
|
| 090 |
|
|
|c 212
|d 212
|
| 100 |
1 |
|
|a Len̤ Parada, Victor Orielson
|
| 245 |
1 |
0 |
|a ABC del nuevo Sistema Acusatorio Penal
|h [Recurso electrn̤ico]
|b El juicio oral /
|c Vc̕tor Orielson Len̤ Parada
|
| 256 |
|
|
|a Servicio en ln̕ea
|
| 260 |
|
|
|a Bogot ̀:
|b ECOE,
|c 2005
|
| 506 |
1 |
|
|a Contenido solo disponible en los productos indicados
|d vLex Global
|d vLex Global (Academic Edition, excluding Law Schools)
|d vLex Global (U.S. Academic Edition, Law Schools)
|d vLex Global (U.S. Academic Edition, excluding Law Schools)
|d vLex Global (Academic Edition, Law Schools)
|
| 740 |
0 |
|
|a vLex Libros (Servicios en ln̕ea)
|
| 856 |
4 |
0 |
|z Acceso restringido
|u http://vlex.com/source/abc-nuevo-sistema-acusatorio-penal-juicio-oral-2490
|
| 942 |
|
|
|c BOOK
|
| 999 |
0 |
4 |
|a Procedure (Law)
|b Colombia
|
| 999 |
0 |
4 |
|a Derecho
|v En ln̕ea
|
| 999 |
0 |
4 |
|a Procedimiento penal
|v En ln̕ea
|